Statistics for Formula 1: Most Points per Team - Williams (Equalized)

Click here to take the quiz!

General Stats

  • This quiz has been taken 86 times
  • The average score is 16 of 20

Answer Stats

PointsDriverNationalityIn Team% Correct
1089Nigel MansellUnited Kingdom1985-1988,1991-1992, 1994
100%
571Jacques VilleneuveCanada1996-1998
96%
927Damon HillUnited Kingdom1993-1996
95%
620Juan Pablo MontoyaColombia2001-2004
93%
276Alain ProstFrance1993
91%
333Felipe MassaBrazil2014-2017
91%
397Valtteri BottasFinland2013-2016
91%
770Ralf SchumacherGermany1999-2004
88%
462Keke RosbergFinland1982-1985
87%
220Nico RosbergGermany2005-2009
86%
117Mark WebberAustralia2005-2006
83%
455Nelson PiquetBrazil1986-1987
83%
554Alan JonesAustralia1978-1981
79%
352Carlos ReutemannArgentina1980-1982
74%
247Heinz-Harald FrentzenGermany1997-1998
70%
656Riccardo PatreseItaly1987-1992
70%
114Clay RegazzoniSwitzerland1979
68%
214David CoulthardUnited Kingdom1994-1995
57%
260Thierry BoutsenBelgium1989-1990
54%
92Jacques LaffiteFrance1983-1984
42%

Score Distribution

Percentile by Number Answered

Percent of People with Each Score

Your Score History

You have not taken this quiz